MARC
| LEADER | 00000nam a2200000Ia 4500 | ||
|---|---|---|---|
| 003 | 002304 | ||
| 005 | 20221231143956.0 | ||
| 008 | 140114s1972 sp a 000 ||spa d | ||
| 040 | |c cru CEDI | ||
| 082 | |a 624.177.2 H148v | ||
| 100 | |a Hahn, J. |9 21395 | ||
| 245 | |a Vigas continuas pórticos, placas y vigas flotantes sobre lecho elástico | ||
| 260 | |a España, Barcelona : Editorial Gustavo Gili |c 1972 | ||
| 300 | |a 371[2] páginas .ilustraciones | ||
| 500 | |a Contiene Apéndice de Tablas | ||
| 650 | |x VIGAS |9 21396 | ||
| 942 | |2 ddc |c BK | ||
| 999 | |c 15064 |d 15064 | ||
